000 00406nam a2200157Ia 4500
008 221030s9999 xx 000 0 und d
020 _a8120307771
041 _aEnglish
082 _a105.23
_bPat
100 _aD. W. Patterson
245 0 _aIntroduction to Artificial Intelligence & Expert Systems
_cby D. W. Patterson
260 _bPHI
_aDelhi
_c2006
300 _a195
650 _aComputers
942 _cBK
999 _c929
_d929